Algorithm design / (Record no. 570)
[ view plain ]
| 000 -LEADER | |
|---|---|
| fixed length control field | 01156nac a22002051u 4500 |
| 020 ## - INTERNATIONAL STANDARD BOOK NUMBER | |
| International Standard Book Number | 0321295358 (alk. paper) |
| 082 ## - DEWEY DECIMAL CLASSIFICATION NUMBER | |
| Classification number | 005.1 |
| Item number | K645 |
| 090 ## - LOCALLY ASSIGNED LC-TYPE CALL NUMBER (OCLC); LOCAL CALL NUMBER (OCLC) | |
| -- | 570 |
| -- | 570 |
| 100 ## - MAIN ENTRY--PERSONAL NAME | |
| Personal name | Kleinberg, Jon. |
| 245 ## - TITLE STATEMENT | |
| Title | Algorithm design / |
| Statement of responsibility, etc | Jon Kleinberg, Éva Tardos. |
| 260 ## - PUBLICATION, DISTRIBUTION, ETC. (IMPRINT) | |
| Place of publication, distribution, etc | London : |
| Name of publisher, distributor, etc | Pearson/Addison-Wesley,2006 |
| Date of publication, distribution, etc | c2006. |
| 300 ## - PHYSICAL DESCRIPTION | |
| Extent | xxiii, 838 p. : |
| Other physical details | ill. ; |
| Dimensions | 24 cm. |
| 504 ## - BIBLIOGRAPHY, ETC. NOTE | |
| Bibliography, etc | Includes bibliographical references (p. [805]-814) and index. |
| 505 0# - FORMATTED CONTENTS NOTE | |
| Formatted contents note | ntroduction: Some representative problems -- Basics of algorithms analysis -- Graphs -- Greedy algorithms -- Divide and conquer -- Dynamic programming -- Network flow -- NP and computational intractability -- PSPACE: A class of problems beyond NP -- Extending the limits of tractability -- Approximation algorithms -- Local search -- Randomized algorithms -- Epilogue: algorithms that run forever. |
| 650 ## - SUBJECT ADDED ENTRY--TOPICAL TERM | |
| Topical term or geographic name as entry element | Computer algorithms. |
| 650 ## - SUBJECT ADDED ENTRY--TOPICAL TERM | |
| Topical term or geographic name as entry element | Data structures (Computer science) |
| 700 1# - ADDED ENTRY--PERSONAL NAME | |
| Personal name | Tardos, Éva. |
| 942 ## - ADDED ENTRY ELEMENTS (KOHA) | |
| Item type | Book - Borrowing |
| Call number prefix | 005.1K645 |
| Withdrawn status | Item status | Source of classification or shelving scheme | Materials specified (bound volume or other part) | Damaged status | Not for loan | Vendor | Home library | Current library | Shelving location | Date acquired | Source of acquisition | Cost, normal purchase price | Total Checkouts | Total Renewals | Full call number | Barcode | Date last seen | Date last borrowed | Cost, replacement price | Koha item type |
|---|---|---|---|---|---|---|---|---|---|---|---|---|---|---|---|---|---|---|---|---|
| Dewey Decimal Classification | Lost_In_Inventory_11-6-2024 | Central Library | Central Library | Lower Floor | 18/07/2006 | 195.00 | 5 | 1 | 005.1 KLE | 000004045 | 15/07/2025 | 10/10/2013 | 243.75 | Book - Borrowing |